Historias del país de las hadas: la jurisprudencia constitucionalizadora del Tribunal de Justicia
Uloženo v:
| Hlavní autoři: | , |
|---|---|
| Médium: | Kniha |
| Jazyk: | španělština |
| Vydáno: |
Pamplona
Aranzadi S.A
2015
|
| Vydání: | 1a. ed |
| Témata: | |
| Tagy: |
Přidat tag
Žádné tagy, Buďte první, kdo vytvoří štítek k tomuto záznamu!
|
MARC
| LEADER | 00000cam a2200000 a 4500 | ||
|---|---|---|---|
| 001 | UCC9134 | ||
| 003 | CL-VaPUC | ||
| 008 | 190906e20150000sp |||||||||||||||||spa|d | ||
| 020 | |a 9788447051762 | ||
| 082 | 0 | 4 | |a 341.481 |b GOR |2 21 |
| 100 | 0 | |a Gordillo, Luis |e author |9 604015 | |
| 700 | 0 | |a Martinico, Giuseppe |e author |9 604016 | |
| 245 | 1 | 0 | |a Historias del país de las hadas: la jurisprudencia constitucionalizadora del Tribunal de Justicia |
| 250 | |a 1a. ed | ||
| 300 | |a 274 p | ||
| 942 | |c BK | ||
| 945 | |d 20190906 13:31:00 |a dcastane | ||
| 260 | |a Pamplona |b Aranzadi S.A |c 2015 | ||
| 650 | 0 | |a Derecho internacional |9 255637 | |
| 650 | 7 | |a TRIBUNAL DE JUSTICIA |2 CL-VaPUC |9 498801 | |
| 583 | |a last modification |c 20190906 13:31:00 |k Rodrigo Vera | ||
| 999 | |c 375328 |d 375326 | ||
| 952 | |0 0 |1 0 |3 erb |4 0 |6 341_481000000000000_GOR_2015 |7 0 |8 WP_COW |9 561276 |a BIBDER |b BIBDER |e Fundación W and P Cowley |i 5598753 |o 341.481 GOR 2015 |p 5598753 |r 2023-01-25 |w 2020-03-12 |y BK |z Catalogado en:20190906 |k WPC | ||